Pactos en el contrato de compraventa en interš del vendedor

Bibliographic Details
Main Author: Mohino Manrique, Ana
Other Authors: Fernǹdez de Bujǹ, Federico (pr)
Format: Thesis
Language:Spanish
Published: Madrid : Dykinson, D.L. 2006
Series:Monografa̕s de Derecho Romano. Derecho Pb︢lico y Privado Romano ; 18
Subjects:
Online Access:Acceso restringido

MARC

LEADER 00000ny a22000003n 4500
005 20110523123113.0
008 060816s2006 sp s 000 0 spa d
017 |a D.L.SE.3560-2006 
020 |a 8497728963 
035 |a 1744 
040 |a ULE.DE  |d UMA.RE  |d vLex 
080 |a 347.451(37) 
090 |c 146  |d 146 
100 1 |a Mohino Manrique, Ana 
245 1 0 |a Pactos en el contrato de compraventa en interš del vendedor  |h [Recurso electrn̤ico]  |c Ana Mohino Manrique ; prl̤ogo, Federico Fernǹdez de Bujǹ 
256 |a Servicio en ln̕ea 
260 |a Madrid :  |b Dykinson,   |c D.L. 2006 
300 |a [14], 173 p. ;   |c 21 cm 
490 1 |a Monografa̕s de Derecho Romano. Derecho Pb︢lico y Privado Romano ;  |v 18 
502 |a Publicado originalmente como tesis 
504 |a Bibliog 
506 1 |a Contenido solo disponible en los productos indicados  |d vLex Global  |d vLex Global (Academic Edition, excluding Law Schools)  |d vLex Global (U.S. Academic Edition, Law Schools)  |d vLex Global (U.S. Academic Edition, excluding Law Schools)  |d vLex Global (Academic Edition, Law Schools) 
650 0 7 |a Civil  |2 Tesauro vLex 
650 0 7 |a Contrato de compraventa  |2 Tesauro vLex 
650 0 7 |a Compraventa  |2 Tesauro vLex 
650 0 7 |a Garanta̕s del vendedor  |2 Tesauro vLex 
650 0 7 |a Pacto de lex commisoria  |2 Tesauro vLex 
700 1 |a Fernǹdez de Bujǹ, Federico,  |e pr 
740 0 |a vLex Libros (Servicios en ln̕ea) 
856 4 0 |u http://vlex.com/source/1744  |z Acceso restringido 
942 |c BOOK 
999 0 |a Civil Law   |b Madrid